000 00478cam a2200193ua 4500
020 _c53.00
041 _aeng
_h
082 _a534
_bPUR/FU
100 _aPuri, S P .
245 _aFundamentals of vibrations and waves /
_cS P Puri.
_hTextual Documents
250 _a1 /
_b.
260 _aNew Delhi :
_bTata Mc-Graw Hill Publishing Company ,
_c1989.
300 _a448 ; .
365 _a53.00
500 _a*CSS
504 _a
942 _cBK
999 _c7499
_d7499